00192nam a2200097 4500082001200000100001900012245002500031260001600056300000800072700001400080 a510 BRI aBriggs William aThe Tutorial Algebra aLondonbUTP a491 aBryan G.H